| 000 | 00583nam a2200241Ia 4500 | ||
|---|---|---|---|
| 003 | OSt | ||
| 005 | 20220918201423.0 | ||
| 006 | a|||||r|||| 00| 0 | ||
| 007 | ta | ||
| 008 | 220917b |||||||| |||| 00| 0 eng d | ||
| 024 | _a93,821 | ||
| 037 | _cTextual | ||
| 040 |
_aARTS _cARTS _beng |
||
| 041 |
_2eng _aeng |
||
| 082 | _aV1-52, E4 | ||
| 100 |
_aGiles A F _998692 |
||
| 245 | 0 | _aHistory of Rome | |
| 260 |
_aLondon _bT C & E C Jack _c1914 |
||
| 300 |
_a94p. _ccm. |
||
| 650 | _aHISTORY | ||
| 942 |
_hV1-52, E4 _cTEXL _2CC |
||
| 999 |
_c217463 _d217463 |
||